| 000 | 00764nam a2200229 a 4500 | ||
|---|---|---|---|
| 005 | 20240420063959.0 | ||
| 008 | 991125s1984 es 000 0 spa u | ||
| 020 | _a8427706414 | ||
| 035 | _aUPN01000002596 | ||
| 049 | _aCG | ||
| 050 | 4 |
_aLB2838 _bG6.2 |
|
| 100 | 1 | _aGonzález, Angel-Pío | |
| 245 | 1 | 0 |
_aAnálisis de la calidad de la enseñanza : _binstrumentos y técnicas para los seminarios didácticos / _cAngel-Pío González, José María Fernández, Antonio Barrado. |
| 260 |
_aMadrid : _bNarcea, _c1984. |
||
| 300 | _a175 p. | ||
| 440 | 0 | _aEducación hoy | |
| 650 | 4 |
_aCalidad de la educación _94684 |
|
| 650 | 4 |
_aInnovaciones educativas _9386 |
|
| 700 | 1 |
_aFernández, José María, _ecoaut. |
|
| 700 | 1 |
_aBarrado, Antonio, _ecoaut. |
|
| 905 | _aLibro | ||
| 999 |
_c2596 _d2596 |
||